| 000 | 00000nas##2200000za#4500 |
| 001 | 9.507175 |
| 003 | CaOODSP |
| 005 | 20200325093513 |
| 007 | cr ||||||||||| |
| 008 | 150406c1999||||xxc|| p o||||f| |0eng|d |
| 022 | |a1495-0820 |
| 040 | |aCaOODSP|beng |
| 043 | |an-cn--- |
| 086 | 1 |aJS99-1E-pdf |
| 110 | 1 |aCanada.|bSolicitor General Canada. |bRoyal Canadian Mounted Police. |
| 245 | 10|aReport on the administration of the Firearms Act to the Solicitor General by the Registrar |h[electronic resource] |
| 260 | |aOttawa - Ontario : |bSolicitor General Canada. |
| 310 | |aAnnual |
| 362 | 1 |a1999-[2001] |
| 690 | 07|aFirearms|2gcpds |
| 690 | 07|aPublic safety|2gcpds |
| 775 | 08|tLe rapport sur l'administration de la Loi sur les armes à feu au Solliciteur général par le Directeur |w(CaOODSP)9.503565 |
| 785 | 00|tRegistrar's report to the Solicitor General on the administration of the Firearms Act |w(CaOODSP)9.507176 |